Statistiken für Indigene Völker Ozeaniens - Karten Quiz

Klicken Sie hier um das Quiz zu spielen!

Allgemein

  • Dieses Quiz wurde 18 mal gespielt
  • Das Durchschnittsergebnis liegt bei 8 aus 13

Antworten auf der Karte

Die Antworten werden auf der Karte rot bzw. grün angezeigt, abhängig davon wie oft sie richtig erraten wurden.
 

Antwortstatistiken

Antwort% Korrekt
Aborigines
100%
Māori
94%
I-Kiribati
63%
Palauaner
63%
Fidschianer
56%
Marshaller
56%
Samoaner
56%
Tuvaluaner
56%
Ni-Vanuatu
50%
Tongaer
50%
Chamorro
44%
Nauruer
44%
Angu
38%

Verteilung der Resultate

Perzentil nach korrekt beantworteten Fragen

Anzahl Personen mit jedem Resultat

Ihre Resultats-Entwicklung

Sie haben dieses Quiz noch nicht gespielt